000 01564nam a22003857a 4500
003 CHAP
005 20220329141149.0
008 971010s1984 r 00010 d
010 _a63687
011 _a64659
035 _a70626
040 _cCHAP
082 _a636.2
_bH65Y
100 0 0 _aHobson, Phyllis.
_955711
245 _aCrianza de un ternero para carne
260 _aMéxico, D. F. :
_bCECSA,
_c1984
300 _a138 p.
_b: ilus
590 _aBATCH-UPD
_b10
_c20130110
_lUCH01
_h0710
590 _aCONVERSION
_b10
_c20130109
_lUCH01
_h1334
650 1 4 _aBecerros.
_911171
650 1 4 _aCarne
_xCortes.
_919076
650 1 4 _aGanado de carne
_xMatanza.
_945090
901 _aBK
942 _cLIBRO
949 _a636.2 H65y 1976
_bZA
_cLIBRO
_d-2999
_eLIBRO
_h5388
_i70626
_si
949 _a636.2 H65Y
_bBC
_cLIBRO
_d33724000096053
_eLIBRO
_fc.6
_gI. 142994
_h74158
_i70626
_si
949 _a636.2 H65Y
_bBC
_cLIBRO
_d33724000096103
_eLIBRO
_h64205
_i70626
_si
949 _a636.2 H65Y
_bBC
_cLIBRO
_d33724000096137
_eLIBRO
_fc.8
_gI. 142996
_h74216
_i70626
_si
949 _a636.2 H65Y
_bBC
_cLIBRO
_d33724000096145
_eLIBRO
_fc.7
_gI. 142995
_h74159
_i70626
_si
949 _a636.2 H65Y
_bBC
_cLIBRO
_d33724000096152
_eLIBRO
_fc.2
_h64206
_i70626
_si
949 _a636.2 H65Y
_bBC
_cLIBRO
_d33724000096178
_eLIBRO
_fc.3
_h64207
_i70626
_si
949 _a636.2 H65Y
_bBC
_cLIBRO
_d33724000096194
_eLIBRO
_fc.5
_h64536
_i70626
_si
949 _a636.2 H65Y
_bBC
_cLIBRO
_d33724000096202
_eLIBRO
_fc.4
_h64208
_i70626
_si
949 _a636.2 H65Y
_bBC
_cLIBRO
_d33724000872990
_eLIBRO
_fc.9
_gDonaciØn
_h103734
_i70626
_si
999 _c63687
_d63687